000 00219nam a2200097Ia 4500
008 190216s9999||||xx |||||||||||||| ||und||
100 _aRamesh Bedi
245 0 _aHindi-Dilli
260 _bNational Book Stall
942 _cBK
999 _c17318
_d17318